000 00443nam a2200181Ia 4500
008 090124s9999 xx 000 0 und d
082 _b104888
100 _aसोमण द.चिं.
245 _a गुंजा
250 _a1
260 _c1954
300 _a52
600 _aसोमण द.चिं.
630 _a गुंजा
700 _aसोमण द.चिं.
730 _a गुंजा
942 _cBOOK
999 _c150980
_d150980